000 00644nam a2200217Ia 4500
005 20241129110138.0
008 241129s9999||||xx |||||||||||||| ||und||
020 _a978-9957-22-670-1
037 _aTB
040 _aARTS
_beng
_cARTS
041 _aeng
_2ara
084 _aP28:4k Q6 (RR)
_qARTS
100 _aAteeq Umar Au.
_9727386
245 0 _aMuajjim mustalahat ilm al-balaghat
_cAteeq Umar Au.
260 _aOman, Egypt
_bOman Dar asama lal-nashr wa al-tauzee
_c2015
300 _a424p.
365 _aINR
_b2100
650 _aArabic LanguageDictionary
_9727387
942 _cTB
_hP28:4k Q6 (RR)
999 _c1227473
_d1227473